[Event "ICS rated blitz match"]
[Site "204.178.125.65"]
[Date "2001.09.18"]
[Round "?"]
[White "Hossa"]
[Black "nyul"]
[Result "1-0"]
[WhiteElo "2576"]
[BlackElo "2106"]
[PlyCount "95"]
[EventDate "2001.??.??"]

1. c4 e5 2. Nc3 c5 3. Nf3 d6 4. e3 Nc6 5. Be2 Nf6 6. d4 Bg4 7. O-O Be7 8. d5
Nb8 9. e4 O-O 10. Be3 Na6 11. Re1 Bd7 12. Nxe5 dxe5 13. d6 Bc6 14. dxe7 Qxe7
15. Nd5 Bxd5 16. cxd5 Qd6 17. Bxa6 bxa6 18. Rc1 Nd7 19. Qf3 Rab8 20. Re2 Rb5
21. Qf5 g6 22. Qf3 f5 23. Bh6 Rf7 24. Rd2 fxe4 25. Qxe4 Nf6 26. Qc4 e4 27. h3
Re7 28. b3 Nd7 29. Qc3 Qe5 30. Qe3 Rf7 31. Rcd1 Rb6 32. Re1 Rb4 33. a3 Rd4 34.
Rxd4 cxd4 35. Qxe4 Re7 36. Qxe5 Rxe5 37. Rxe5 Nxe5 38. Kf1 Nd7 39. Ke2 Nb6 40.
Kd3 Nxd5 41. Kxd4 Ne7 42. Kc5 Kf7 43. Bg5 Nf5 44. Kb4 Ke6 45. Ka5 Nd4 46. Be3
Nxb3+ 47. Kb4 Na1 48. Kc3 {nyul resigns} 1-0

[Event "ICS rated blitz match"]
[Site "204.178.125.65"]
[Date "2001.09.18"]
[Round "?"]
[White "nyul"]
[Black "Hossa"]
[Result "0-1"]
[WhiteElo "2104"]
[BlackElo "2578"]
[PlyCount "76"]
[EventDate "2001.??.??"]

1. e4 c5 2. c4 g6 3. d3 Bg7 4. Nc3 d6 5. Nf3 Bg4 6. h3 Be6 7. Be2 Nc6 8. Be3
Nf6 9. Qd2 O-O 10. Bh6 Bxh6 11. Qxh6 Nd4 12. Bd1 Qb6 13. Rb1 Nxf3+ 14. Bxf3 Kh8
15. h4 Bg4 16. Nd5 Nxd5 17. Bxg4 Nc3 18. h5 Rg8 19. hxg6 Rg7 20. Rc1 Qxb2 21.
Qd2 Qxd2+ 22. Kxd2 Nxa2 23. Rb1 Nb4 24. Rxh7+ Rxh7 25. gxh7 Kxh7 26. f4 a5 27.
Kc3 a4 28. Ra1 a3 29. Be2 a2 30. Kb2 e5 31. f5 Kg7 32. Rh1 Kf6 33. Ra1 Kg5 34.
Kc3 Kf4 35. Bd1 Ra3+ 36. Kb2 Rxd3 37. Bb3 Rd2+ 38. Ka3 Rxg2 {nyul resigns} 0-1

[Event "ICS rated blitz match"]
[Site "204.178.125.65"]
[Date "2001.09.18"]
[Round "?"]
[White "Hossa"]
[Black "Tinker"]
[Result "1-0"]
[WhiteElo "2580"]
[BlackElo "2448"]
[PlyCount "243"]
[EventDate "2001.??.??"]

1. e4 c5 2. Nf3 d6 3. d4 cxd4 4. Nxd4 Nf6 5. Nc3 e5 6. Nf3 Nc6 7. Bg5 Be7 8.
Be2 Be6 9. O-O O-O 10. Qd2 Bg4 11. Bxf6 Bxf6 12. Nd5 Kh8 13. Qd3 Bh4 14. Nxh4
Qxh4 15. Bxg4 Qxg4 16. Ne3 Qg6 17. Nf5 Rad8 18. Rfd1 Rd7 19. c4 Rfd8 20. Qh3
Ne7 21. Nxe7 Rxe7 22. Qh4 Rde8 23. Rd5 Rc7 24. b3 Rc5 25. Rd3 Rc6 26. Rg3 Qe6
27. Qg5 Rg8 28. Rd1 Ra6 29. a4 Rb6 30. Rd5 Rc6 31. Rh3 h6 32. Rdd3 a6 33. Rdg3
b5 34. cxb5 axb5 35. axb5 Rb6 36. Rxh6+ Qxh6 37. Rh3 Qxh3 38. gxh3 Rgb8 39. Kg2
Rxb5 40. Qe7 Rxb3 41. Qxf7 Rb2 42. Kg3 Rd2 43. h4 Rd4 44. h5 Rxe4 45. h6 Rg8
46. Kh3 Rf4 47. hxg7+ Rxg7 48. Qe8+ Kh7 49. Qh5+ Kg8 50. Qe8+ Rf8 51. Qe6+ Rgf7
52. Qxd6 Rf3+ 53. Kg4 R3f4+ 54. Kg5 R8f7 55. Qb8+ Kh7 56. Qxe5 Rxf2 57. Qd6
Rg7+ 58. Kh5 Rf5+ 59. Kh4 Kh8 60. Qd8+ Kh7 61. Qd3 Kg6 62. h3 Ra7 63. Qe4 Raa5
64. Kg4 Rae5 65. Qd3 Rd5 66. Qe3 Rg5+ 67. Kh4 Rge5 68. Qb6+ Kf5 69. Qb1+ Kf4
70. Qc1+ Ke4 71. Qh1+ Kd4 72. Qd1+ Kc5 73. Qc1+ Kd6 74. Qa3+ Rc5 75. Qa6+ Ke7
76. Qb7+ Kf6 77. Qb6+ Kf5 78. Qb3 Re4+ 79. Kg3 Rcc4 80. Qb5+ Kf6 81. Qa6+ Kg5
82. Qa5+ Kg6 83. Qd2 Red4 84. Qe3 Kf5 85. Qf3+ Ke6 86. Qb3 Re4 87. Qd3 Rb4 88.
Qc3 Rec4 89. Qe3+ Kd6 90. Qh6+ Kc7 91. Qh7+ Kc6 92. Qg6+ Kb7 93. Qd3 Rc6 94. h4
Rc5 95. Qd7+ Ka6 96. Qe6+ Ka5 97. Qe3 Rd5 98. Qa7+ Kb5 99. Qb7+ Kc4 100. Qc6+
Kd4 101. Qf6+ Kc5 102. Qe7+ Kc4 103. Qf7 Rb3+ 104. Kg4 Rb4 105. Kf3 Kc5 106.
Qc7+ Kb5 107. Qb7+ Kc5 108. Qc8+ Kd4 109. Qc2 Rd6 110. Qe4+ Kc3 111. Qe5+ Rbd4
112. h5 Kc4 113. Qe2+ Kc5 114. Qe3 Rd7 115. h6 Ra7 116. Qc3+ Kd5 117. Qb3+ Kc6
118. Qe6+ Rd6 119. Qc4+ Kd7 120. Qf7+ Kc6 121. Qxa7 Rf6+ 122. Ke2 {
Tinker resigns} 1-0

[Event "ICS rated blitz match"]
[Site "204.178.125.65"]
[Date "2001.09.18"]
[Round "?"]
[White "Hossa"]
[Black "ChesterX"]
[Result "1/2-1/2"]
[WhiteElo "2590"]
[BlackElo "2730"]
[PlyCount "159"]
[EventDate "2001.??.??"]

1. e4 e5 2. Nf3 Nf6 3. d4 Nxe4 4. Nxe5 d5 5. Bd3 Nd7 6. O-O Nxe5 7. dxe5 Nc5 8.
Be2 Be7 9. b4 Ne6 10. Bd2 O-O 11. Bd3 c5 12. bxc5 Nxc5 13. Nc3 d4 14. Ne4 Nxd3
15. cxd3 Qd5 16. Bf4 Be6 17. Qe2 Rfe8 18. Qd2 Bd7 19. Nd6 Bxd6 20. exd6 Re6 21.
Rae1 Rae8 22. Rxe6 fxe6 23. Bg3 Bc6 24. f3 e5 25. Re1 Qxd6 26. Qa5 Qg6 27. Qa3
Qf5 28. Qb3+ Kh8 29. Qa3 h6 30. Qb3 Re6 31. Qc4 a6 32. Qc2 Kh7 33. Qd2 Re8 34.
Qd1 h5 35. Qd2 Bb5 36. Re4 Kg6 37. Qe2 Kf6 38. Qc2 Bc6 39. Re1 Kg6 40. a4 Kh7
41. a5 Qg5 42. Qf2 Bb5 43. Qe2 Qf5 44. Rd1 Re6 45. Kh1 g5 46. h3 h4 47. Bh2 Kg8
48. Qa2 Qf7 49. Qc2 Bc6 50. Re1 Qf5 51. Qc4 Kh7 52. Qc2 Kg6 53. Kg1 Kf7 54. Qc4
Kg6 55. Qc2 Re8 56. Qd2 Bb5 57. Re4 Kf6 58. Kh1 Bc6 59. Re1 Re6 60. Qb4 Kf7 61.
Qb3 Kg6 62. Kg1 Kh5 63. Qd1 Kh6 64. Qc2 Re8 65. Qd2 Kh7 66. Qc2 Kg8 67. Qa2+
Kg7 68. Qc4 Kh7 69. Qc2 e4 70. fxe4 Qxa5 71. Rf1 g4 72. Qc4 g3 73. Qf7+ Kh8 74.
Qf6+ Kg8 75. Qg6+ Kh8 76. Qh6+ Kg8 77. Qg6+ Kh8 78. Qh6+ Kg8 79. Qg6+ Kh8 80.
Qh6+ {Game drawn by repetition} 1/2-1/2

[Event "ICS rated blitz match"]
[Site "204.178.125.65"]
[Date "2001.09.18"]
[Round "?"]
[White "Hossa"]
[Black "perucho"]
[Result "0-1"]
[WhiteElo "2607"]
[BlackElo "2894"]
[PlyCount "127"]
[EventDate "2001.??.??"]

1. e4 Nf6 2. e5 Nd5 3. d4 d6 4. Nf3 Bg4 5. Be2 e6 6. O-O Be7 7. c4 Nb6 8. Be3
O-O 9. Nc3 Nc6 10. exd6 cxd6 11. d5 exd5 12. Nxd5 Nxd5 13. cxd5 Bxf3 14. Bxf3
Ne5 15. Be4 f5 16. Bc2 f4 17. Bd4 f3 18. Bxe5 dxe5 19. g3 Qb6 20. Be4 Bd6 21.
Qc2 g6 22. Bxg6 hxg6 23. Qxg6+ Kh8 24. Qh5+ Kg7 25. Qg4+ Kf6 26. Qxf3+ Ke7 27.
Qe2 Rf5 28. Kh1 Raf8 29. f3 Rh8 30. Rfc1 Rfh5 31. h4 Qd4 32. Kg2 Qxd5 33. Rd1
Qa5 34. b3 R8h6 35. Qe4 Qb4 36. Qg4 Rh7 37. Qg6 R5h6 38. Qg5+ Rf6 39. Rd3 e4
40. a3 Qc5 41. Re1 Qxg5 42. hxg5 Re6 43. Rxe4 Rxe4 44. fxe4 Ke6 45. Rd5 Rc7 46.
Rf5 Bxa3 47. Kh3 Bd6 48. Kg4 Be5 49. Rf3 Rc3 50. Rxc3 Bxc3 51. Kf3 Be5 52. Ke3
Kf7 53. Kf3 a5 54. Kf2 b5 55. Ke2 a4 56. bxa4 bxa4 57. Kd3 a3 58. Kd2 a2 59.
Kc2 a1=Q 60. Kb3 Qc3+ 61. Ka4 Qc4+ 62. Ka3 Kg6 63. g4 Qb5 64. Ka2 {
Hossa resigns} 0-1

[Event "ICS Rated blitz match"]
[Site "204.178.125.65"]
[Date "2001.09.18"]
[Round "?"]
[White "perucho"]
[Black "Hossa"]
[Result "1-0"]
[WhiteElo "2899"]
[BlackElo "2602"]
[PlyCount "247"]
[EventDate "2001.??.??"]

1. d4 Nf6 2. Bg5 Ne4 3. Bf4 d5 4. Nd2 Bf5 5. e3 e6 6. Nxe4 Bxe4 7. Nf3 Bd6 8.
Bg3 Bxg3 9. hxg3 Nd7 10. Nd2 Bg6 11. c4 c6 12. Qb3 Qb6 13. Qa3 c5 14. cxd5 exd5
15. dxc5 Qxc5 16. Qxc5 Nxc5 17. Rc1 Ne6 18. Bb5+ Ke7 19. Nf3 a6 20. Ba4 Rac8
21. O-O Kd6 22. Rfd1 b5 23. Bb3 Be4 24. Nd2 Bd3 25. Rxc8 Rxc8 26. Nb1 Bxb1 27.
Rxb1 f5 28. Rd1 Rc5 29. Kf1 a5 30. Rd2 h5 31. Ke2 a4 32. Bc2 Ke5 33. b3 axb3
34. f4+ Kf6 35. Bxb3 Nc7 36. Rc2 Rxc2+ 37. Bxc2 Ke6 38. Kd3 Kd6 39. Kc3 g6 40.
Kb4 Kc6 41. a4 bxa4 42. Bxa4+ Kd6 43. Kc3 Ne6 44. Be8 Nc5 45. Bxg6 Ne4+ 46. Kd4
Nxg3 47. Bf7 Ne2+ 48. Kd3 Ng3 49. Kc3 Kc5 50. Bg6 h4 51. Kd3 Kd6 52. Bh7 Kd7
53. Bg8 Kd6 54. Bf7 Ne4 55. Kd4 Nf6 56. Kc3 Ke7 57. Bg6 Ke6 58. Kd4 Ne4 59. Bh5
Nd2 60. Be2 Nb3+ 61. Kc3 Nc5 62. Bd1 Kd6 63. Bc2 Ke6 64. Kd4 Na6 65. Bb1 Nb4
66. Kc5 Na6+ 67. Kb5 Nb8 68. Bd3 Nd7 69. Bc2 Nf6 70. Kc5 Ng4 71. Kd4 Nf6 72.
Bd3 Ne8 73. Kc5 Nd6 74. Bb1 Nc4 75. Kd4 Nb6 76. Bd3 Nc8 77. Ba6 Nb6 78. Bb5 Kd6
79. Bd3 Ke6 80. Ba6 Kd6 81. Bb7 Ke6 82. Bc6 Kd6 83. Bb5 Nc8 84. Ba4 Na7 85. Be8
Nc8 86. Bf7 Na7 87. Kd3 Nb5 88. Bg8 Nc7 89. Bh7 Ke6 90. Kd4 Nb5+ 91. Kc5 Na3
92. Bg8+ Kf6 93. Bxd5 Nc2 94. e4 fxe4 95. Bxe4 Ne3 96. Kd4 Nf5+ 97. Kd3 Nd6 98.
Bd5 Kf5 99. Ke3 Ne8 100. Kf3 Nf6 101. Bb3 Kg6 102. Be6 Kh5 103. Ke3 Ng4+ 104.
Ke4 Nf2+ 105. Kf3 Nd3 106. Bf5 Nc5 107. Ke3 Kh6 108. Kd4 Na4 109. Ke5 Nc5 110.
Bc2 Kh5 111. Kd6 Na6 112. Be4 Kg4 113. f5 Nc5 114. Kxc5 Kg5 115. Kd4 Kf6 116.
Bd3 Kg5 117. Ke5 Kg4 118. f6 Kg3 119. f7 Kf2 120. f8=Q+ Kxg2 121. Qf4 h3 122.
Be4+ Kg1 123. Qg3+ Kf1 124. Bd3# {Hossa checkmated} 1-0

[Event "ICS Rated blitz match"]
[Site "204.178.125.65"]
[Date "2001.09.18"]
[Round "?"]
[White "Tinker"]
[Black "Hossa"]
[Result "0-1"]
[WhiteElo "2442"]
[BlackElo "2597"]
[PlyCount "80"]
[EventDate "2001.??.??"]

1. e4 c5 2. Nf3 d6 3. d4 cxd4 4. Nxd4 Nf6 5. Nc3 a6 6. Be2 e5 7. Nb3 Be7 8. O-O
Be6 9. Be3 O-O 10. Qd2 d5 11. exd5 Nxd5 12. Rfd1 Nxe3 13. Qxe3 Nd7 14. Qf3 Qc7
15. Qg3 Nf6 16. Nd4 Bd7 17. Nf3 Bd6 18. Ng5 Bf5 19. Rac1 Rfd8 20. Qh4 h6 21.
Nf3 Qb6 22. Na4 Qc6 23. Nc3 b5 24. a3 Rac8 25. Rd2 Rd7 26. Rcd1 Re8 27. a4 b4
28. Rxd6 Rxd6 29. Qxb4 Rxd1+ 30. Bxd1 Nd5 31. Nxd5 Qxd5 32. Qe1 Rd8 33. Be2
Bxc2 34. Qc3 Bxa4 35. Nxe5 Qd1+ 36. Bf1 Bb5 37. Nc4 Re8 38. h3 Re1 39. Ne3
Rxf1+ 40. Nxf1 Qxf1+ {Tinker resigns} 0-1

[Event "ICS Rated blitz match"]
[Site "204.178.125.65"]
[Date "2001.09.18"]
[Round "?"]
[White "Hossa"]
[Black "Tinker"]
[Result "1-0"]
[WhiteElo "2606"]
[BlackElo "2433"]
[PlyCount "257"]
[EventDate "2001.??.??"]

1. c4 e5 2. Nc3 Nf6 3. Nf3 Nc6 4. g3 Bb4 5. Bg2 O-O 6. Nd5 Bc5 7. O-O d6 8. d3
Nxd5 9. cxd5 Nd4 10. Nxd4 Bxd4 11. e3 Bb6 12. b4 Qg5 13. f4 Qg6 14. fxe5 dxe5
15. Rf2 Bg4 16. Qd2 a5 17. b5 Bf5 18. Ba3 Rfe8 19. d6 cxd6 20. Bxb7 Ra7 21. Bc6
Rd8 22. d4 Re7 23. Bb2 Bh3 24. Bc3 Ra7 25. Bd5 Rb8 26. a4 Qg5 27. e4 Qxd2 28.
Rxd2 Rc7 29. Bb2 Rbc8 30. Bc6 Kh8 31. Rb1 Rb8 32. Kf2 exd4 33. Rh1 d3+ 34. Kf3
f5 35. Kf4 fxe4 36. Kxe4 d5+ 37. Kxd3 Bf5+ 38. Ke2 Re7+ 39. Kd1 Bg4+ 40. Kc2
Bf3 41. Rf1 Be4+ 42. Kb3 Be3 43. Ba3 Ra7 44. Bd6 Rc8 45. Rdd1 Bb6 46. Kb2 Bg2
47. Rf5 Be4 48. Re5 Rf7 49. Rd2 Be3 50. Bxd5 Bxd2 51. Bxf7 Bc3+ 52. Ka3 Bxe5
53. Bxe5 Rf8 54. Bc4 Rf3+ 55. Kb2 Rf2+ 56. Kc3 Rxh2 57. b6 Bb7 58. Kd4 Rh1 59.
Kc5 Bg2 60. Bf4 Rh5+ 61. Kd4 Bb7 62. Be5 Rh6 63. Kc5 Rc6+ 64. Kb5 Rc8 65. Bc7
Ra8 66. Be6 h6 67. Bd7 Rf8 68. Kxa5 g6 69. Kb5 Kh7 70. a5 Rf2 71. Be5 Re2 72.
Bc3 Rc2 73. a6 Bxa6+ 74. Kxa6 Rxc3 75. b7 Ra3+ 76. Kb6 Rd3 77. b8=Q Rxd7 78.
Qe8 Rg7 79. Kc6 Ra7 80. Qf8 Rg7 81. Kd5 Rb7 82. Ke4 Ra7 83. Kd3 Rc7 84. Ke3 Rg7
85. Kd4 Rg8 86. Qe7+ Rg7 87. Qe8 Rb7 88. Qf8 Rc7 89. Ke5 Ra7 90. Ke6 Ra6+ 91.
Kd5 Ra5+ 92. Kd4 Ra4+ 93. Ke3 Ra7 94. Kf4 Rc7 95. g4 Rc4+ 96. Ke5 Rc7 97. Ke4
Rd7 98. Ke3 Ra7 99. Kd4 Rd7+ 100. Kc5 Rb7 101. Kd6 Ra7 102. Kc6 Rg7 103. Kb5
Rg8 104. Qf7+ Rg7 105. Qf3 Rc7 106. Qe2 Rf7 107. Kc6 Kg7 108. Qe5+ Kg8 109.
Qe8+ Kg7 110. Kd5 Rf1 111. Qe5+ Kg8 112. Qb8+ Rf8 113. Qb2 Kf7 114. Qb7+ Kg8
115. Ke6 Rf1 116. Qb2 Kh7 117. Qd2 Rf3 118. Qd7+ Kg8 119. Qc6 Rf2 120. Qc8+ Kh7
121. Qc7+ Kg8 122. Qb8+ Rf8 123. Qh2 Kh7 124. Qc7+ Kh8 125. Qb7 Kg8 126. Qe7
Rf1 127. Qe8+ Kg7 128. Qd7+ Kh8 129. Qd3 {Tinker resigns} 1-0

[Event "ICS rated blitz match"]
[Site "204.178.125.65"]
[Date "2001.09.18"]
[Round "?"]
[White "Tinker"]
[Black "Hossa"]
[Result "1/2-1/2"]
[WhiteElo "2424"]
[BlackElo "2615"]
[PlyCount "218"]
[EventDate "2001.??.??"]

1. e4 e5 2. Nf3 Nf6 3. Nxe5 d6 4. Nf3 Nxe4 5. d4 d5 6. Bd3 Be7 7. O-O Nc6 8.
Re1 Bg4 9. c3 f5 10. Qb3 Qd6 11. Nfd2 O-O-O 12. f3 Bh4 13. Re2 Bh5 14. fxe4
Bxe2 15. Bxe2 Qf4 16. Qd1 Bf2+ 17. Kh1 fxe4 18. Nb3 Be3 19. Bxe3 Qxe3 20. Bb5
Ne7 21. Qg4+ Kb8 22. N1d2 Ng6 23. c4 c6 24. Ba4 Rhe8 25. Rf1 Rf8 26. cxd5 cxd5
27. Bb5 Rf2 28. Rxf2 Qxf2 29. Qg3+ Qxg3 30. hxg3 Rf8 31. Kg1 b6 32. Nf1 Kc7 33.
Ne3 Kd6 34. Na1 Ne7 35. Nac2 h6 36. Ba6 Rb8 37. Na3 Kc6 38. Bb5+ Kb7 39. Nac2
Kc7 40. Be2 Kc6 41. Kf2 Rf8+ 42. Ke1 Kc7 43. Ba6 Kd6 44. Na3 Kc6 45. Nb5 Ra8
46. Nc2 Kd7 47. Nb4 Rf8 48. Nxa7 e3 49. Bb7 Ke6 50. Nb5 Rb8 51. Ba6 Rf8 52. Nc3
Rf2 53. Bb7 Rxb2 54. Nbxd5 Rc2 55. Nd1 e2 56. Nf4+ Kd7 57. Nxe2 Rxa2 58. Ndc3
Ra5 59. Be4 b5 60. Nc1 Ra3 61. Kd2 b4 62. N3e2 Kd6 63. Nd3 Ra2+ 64. Ke3 Ra3 65.
Nec1 b3 66. Kd2 b2 67. Nxb2 Rxg3 68. Nc4+ Kd7 69. Nd3 Nc8 70. Bf3 Kc7 71. Nc5
Rg6 72. Ne5 Rd6 73. d5 Nb6 74. Nf7 Rf6 75. d6+ Rxd6+ 76. Nxd6 Kxd6 77. Ne4+ Ke5
78. Kd3 Na4 79. Nf2 Nb2+ 80. Kc3 Na4+ 81. Kb4 Nb6 82. Nd3+ Kd4 83. Nf4 Ke5 84.
g3 g5 85. Nd3+ Kd4 86. Nc5 Nc4 87. Bb7 Ne3 88. Ne6+ Ke5 89. Nd8 h5 90. Nf7+ Kf6
91. Nd6 h4 92. gxh4 gxh4 93. Ne4+ Ke5 94. Nf2 Kd4 95. Kb5 Nc4 96. Bg2 Ne5 97.
Bf1 Ke3 98. Nd1+ Kf3 99. Nc3 Kf2 100. Bh3 Kg3 101. Bc8 h3 102. Ne4+ Kf4 103.
Nf2 h2 104. Bb7 Ke3 105. Nh1 Nd3 106. Ng3 Kf2 107. Nf5 Kg1 108. Ne7 h1=R 109.
Bxh1 Kxh1 {Game drawn because neither player has mating material} 1/2-1/2

[Event "ICS Rated blitz match"]
[Site "204.178.125.65"]
[Date "2001.09.18"]
[Round "?"]
[White "PostModernist"]
[Black "Hossa"]
[Result "1-0"]
[WhiteElo "2715"]
[BlackElo "2607"]
[PlyCount "43"]
[EventDate "2001.??.??"]

1. c4 e5 2. g3 Nf6 3. Nc3 Bc5 4. Bg2 O-O 5. e3 c6 6. Nge2 d6 7. d4 Bb6 8. O-O
Qe7 9. e4 exd4 10. Nxd4 Ba5 11. Bd2 Bxc3 12. Bxc3 Na6 13. Re1 Nc5 14. b4 Na6
15. Qd2 Re8 16. b5 Nc5 17. bxc6 Qf8 18. f3 bxc6 19. Nxc6 Bd7 20. Nb4 Re6 21.
Rab1 Qd8 22. Bh3 {Hossa resigns} 1-0

[Event "ICS rated blitz match"]
[Site "204.178.125.65"]
[Date "2001.09.18"]
[Round "?"]
[White "Hossa"]
[Black "ChiefWiggum2001"]
[Result "1-0"]
[WhiteElo "2596"]
[BlackElo "2566"]
[PlyCount "115"]
[EventDate "2001.??.??"]

1. c4 Nf6 2. Nf3 c5 3. Nc3 e6 4. e4 Nc6 5. Be2 e5 6. O-O d6 7. d3 h6 8. Nd5
Nxd5 9. cxd5 Nd4 10. Nxd4 exd4 11. b4 b6 12. bxc5 bxc5 13. Rb1 Be7 14. Qa4+ Bd7
15. Qa6 O-O 16. Bf4 Bc8 17. Qc4 a5 18. Qc1 Ba6 19. Qc2 Qd7 20. Qd2 a4 21. Rb2
Rfb8 22. Rxb8+ Rxb8 23. Rc1 Qb5 24. Qd1 f6 25. Bf1 a3 26. Qg4 Bc8 27. Qg6 Kf8
28. Be2 Qe8 29. Qh7 Qf7 30. Rxc5 Rb1+ 31. Rc1 Rxc1+ 32. Bxc1 Ke8 33. Bxa3 Bf8
34. Bb2 Qa7 35. Qg8 Qxa2 36. Bh5+ Ke7 37. Qf7+ Kd8 38. Qxf8+ Kc7 39. Qxg7+ Bd7
40. Bc1 Qb1 41. Qxh6 Qxd3 42. Qf4 Qc2 43. Ba3 Qb1+ 44. Qc1+ Qxc1+ 45. Bxc1 Kb6
46. Bb2 Kc5 47. Ba3+ Kc4 48. Bxd6 d3 49. Be7 f5 50. exf5 Bxf5 51. d6 d2 52. Bd1
Kd5 53. g4 Bh7 54. d7 Ke6 55. d8=Q Kf7 56. Bb3+ Kg6 57. Qd6+ Kg7 58. Qf6# {
ChiefWiggum2001 checkmated} 1-0

[Event "ICS rated blitz match"]
[Site "204.178.125.65"]
[Date "2001.09.18"]
[Round "?"]
[White "Gvido"]
[Black "Hossa"]
[Result "0-1"]
[WhiteElo "2319"]
[BlackElo "2611"]
[PlyCount "31"]
[EventDate "2001.??.??"]

1. e4 e5 2. Nf3 Nf6 3. Nxe5 d6 4. Nf3 Nxe4 5. d4 d5 6. Bd3 Be7 7. O-O Nc6 8. c4
Nb4 9. Re1 Bf5 10. cxd5 Nxf2 11. Qa4+ Bd7 12. Bb5 Nfd3 13. Rxe7+ Qxe7 14. Bg5
f6 15. Bd2 a6 16. a3 {Gvido resigns} 0-1

[Event "ICS rated blitz match"]
[Site "204.178.125.65"]
[Date "2001.09.18"]
[Round "?"]
[White "Hossa"]
[Black "Ran"]
[Result "1-0"]
[WhiteElo "2620"]
[BlackElo "2041"]
[PlyCount "79"]
[EventDate "2001.??.??"]

1. c4 e6 2. d4 Bb4+ 3. Nc3 c5 4. dxc5 Nf6 5. Bf4 Bxc5 6. e4 d6 7. Bd3 O-O 8.
Nf3 Nc6 9. O-O e5 10. Bg5 Be6 11. Nd5 Bxd5 12. exd5 Nd4 13. Nxd4 Bxd4 14. Qc2
h6 15. Bh4 Re8 16. Rfe1 Qb6 17. Bxf6 gxf6 18. Rab1 Kg7 19. Qe2 Rh8 20. Qg4+ Kf8
21. Qf5 Ke7 22. Qf4 Rag8 23. Re2 h5 24. b4 Rg4 25. Qd2 Rhg8 26. g3 R4g5 27. c5
Qc7 28. Bh7 R8g7 29. Qxd4 Rxh7 30. f4 Rg4 31. Rd1 Rhg7 32. cxd6+ Qxd6 33. Qxa7
Rxf4 34. Qxb7+ Ke8 35. Rc2 Qd7 36. Rc8+ Ke7 37. Rc7 Qxc7 38. Qxc7+ Ke8 39. Qc8+
Ke7 40. d6# {Ran checkmated} 1-0

[Event "ICS rated blitz match"]
[Site "204.178.125.65"]
[Date "2001.09.18"]
[Round "?"]
[White "Hossa"]
[Black "Saitek"]
[Result "0-1"]
[WhiteElo "2621"]
[BlackElo "2705"]
[PlyCount "50"]
[EventDate "2001.??.??"]

1. c4 e6 2. Nc3 d5 3. d4 c5 4. cxd5 cxd4 5. Qa4+ Bd7 6. Qxd4 exd5 7. Qxd5 Nc6
8. Bg5 Nf6 9. Qd2 Qa5 10. Bxf6 gxf6 11. O-O-O O-O-O 12. Qd5 Qb6 13. e3 Bg4 14.
Qxf7 Bxd1 15. Qxf6 Qc7 16. Qxh8 Qd7 17. Kb1 Qd2 18. Qxh7 Nb4 19. Qf5+ Kb8 20.
Qf4+ Ka8 21. Qb8+ Kxb8 22. Nge2 Bc2+ 23. Ka1 Qe1+ 24. Nc1 Qxc1+ 25. Nb1 Qxb1# {
Hossa checkmated} 0-1

[Event "ICS rated blitz match"]
[Site "204.178.125.65"]
[Date "2001.09.18"]
[Round "?"]
[White "Stukkenjager"]
[Black "Hossa"]
[Result "0-1"]
[WhiteElo "2068"]
[BlackElo "2609"]
[PlyCount "68"]
[EventDate "2001.??.??"]

1. e4 c5 2. Nf3 e6 3. d4 cxd4 4. Nxd4 a6 5. Bd3 Nc6 6. Be3 Nf6 7. O-O d6 8. f4
Be7 9. Kh1 Bd7 10. Nf3 O-O 11. Nc3 Ng4 12. Bg1 Bf6 13. h3 Bxc3 14. hxg4 Bxb2
15. Rb1 Bc3 16. Rb3 Ba5 17. e5 dxe5 18. fxe5 b6 19. Be3 Qc7 20. Bf4 Nb4 21. Be4
Bb5 22. Ng5 h6 23. Rh3 Bxf1 24. Qxf1 Rad8 25. Nh7 Rfe8 26. Rxh6 gxh6 27. Bxh6
f5 28. Nf6+ Kh8 29. gxf5 Qxe5 30. Nxe8 Rxe8 31. Bf3 exf5 32. Qb1 Qf6 33. Bf4
Qh4+ 34. Kg1 Re1+ {Stukkenjager resigns} 0-1

[Event "ICS rated blitz match"]
[Site "204.178.125.65"]
[Date "2001.09.18"]
[Round "?"]
[White "Saitek"]
[Black "Hossa"]
[Result "0-1"]
[WhiteElo "2717"]
[BlackElo "2609"]
[PlyCount "180"]
[EventDate "2001.??.??"]

1. d4 e6 2. c4 Bb4+ 3. Bd2 a5 4. g3 d6 5. Bg2 e5 6. dxe5 dxe5 7. Nc3 Ne7 8. Nb5
Bxd2+ 9. Qxd2 Qxd2+ 10. Kxd2 Na6 11. Rd1 Rb8 12. Nf3 f6 13. Kc1 Be6 14. b3 a4
15. Rd2 O-O 16. Rhd1 axb3 17. axb3 c6 18. Nd6 Nc5 19. Kc2 b5 20. Ne1 bxc4 21.
bxc4 Nb3 22. Rd3 Nd4+ 23. Rxd4 exd4 24. Rxd4 c5 25. Re4 Bf5 26. Nxf5 Nxf5 27.
Nd3 Nd4+ 28. Kd2 Nb3+ 29. Kc3 Rf7 30. Re6 Ra7 31. Bd5 Kf8 32. Rd6 Ra3 33. Kb2
Ra4 34. Kc3 Ra7 35. e3 Ra3 36. Kb2 Ra5 37. Kc3 Na1 38. Nxc5 Rxc5 39. Ra6 Nb3
40. Ra7 h6 41. Rf7+ Ke8 42. Rxg7 Rb6 43. Rg8+ Ke7 44. Rg7+ Kd8 45. Rg8+ Kc7 46.
Rg7+ Kb8 47. Rh7 f5 48. Rf7 Rc8 49. Rxf5 Nc5 50. g4 Rb3+ 51. Kc2 Ra3 52. h4 Nd3
53. g5 hxg5 54. hxg5 Nb4+ 55. Kb2 Ra5 56. Be6 Rxf5 57. Bxf5 Rxc4 58. g6 Rc7 59.
Be4 Ka7 60. Ka3 Na6 61. Bd5 Rg7 62. Bf7 Nc5 63. f4 Kb6 64. f5 Ne4 65. Bd5 Ng3
66. f6 Rxg6 67. f7 Rf6 68. Kb4 Nf5 69. e4 Ne7 70. Ba2 Nc6+ 71. Kc4 Rxf7 72. Bb1
Rf1 73. Ba2 Ra1 74. Kb3 Nb4 75. Kxb4 Rxa2 76. Kc4 Kc6 77. e5 Ra4+ 78. Kd3 Kd5
79. Ke3 Re4+ 80. Kd3 Rxe5 81. Kc3 Ke4 82. Kc4 Ke3 83. Kc3 Re4 84. Kc2 Rc4+ 85.
Kb3 Kd3 86. Kb2 Rc3 87. Kb1 Rc2 88. Ka1 Kc4 89. Kb1 Kb3 90. Ka1 Rc1# {
Saitek checkmated} 0-1

[Event "ICS rated blitz match"]
[Site "204.178.125.65"]
[Date "2001.09.18"]
[Round "?"]
[White "Hossa"]
[Black "ChesterX"]
[Result "0-1"]
[WhiteElo "2630"]
[BlackElo "2750"]
[PlyCount "106"]
[EventDate "2001.??.??"]

1. c4 Nf6 2. Nf3 c6 3. g3 g6 4. Bg2 Bg7 5. O-O O-O 6. d4 d6 7. Nc3 Bf5 8. Bg5
Nbd7 9. Qe1 Be6 10. b3 d5 11. cxd5 cxd5 12. Rc1 Ne4 13. Nxe4 dxe4 14. Nd2 f5
15. e3 Qa5 16. f3 Qxa2 17. fxe4 fxe4 18. Bxe7 Rxf1+ 19. Bxf1 Bd5 20. Rc7 Nb6
21. Bc5 Qa5 22. b4 Qa3 23. Bxb6 axb6 24. Nc4 Qa7 25. Nd6 Qa1 26. Rc1 Qb2 27.
Bc4 Bxc4 28. Nxc4 Qa2 29. Nxb6 Rd8 30. Rc7 Bh6 31. Nc4 Qb3 32. b5 Qxb5 33. Qd1
b6 34. Qc2 Qd5 35. Qe2 Rf8 36. Kh1 Qb5 37. Qd1 Qb4 38. Qe2 Qc3 39. Rb7 Qc1+ 40.
Kg2 Rc8 41. Nd2 Rc2 42. Rb8+ Bf8 43. Kh3 Rxd2 44. Qb5 Rf2 45. Rb7 Rf5 46. Qe2
Qc8 47. g4 Rf3+ 48. Kg2 Qxb7 49. Kh1 Qf7 50. Kg2 Bh6 51. g5 Bxg5 52. Qc2 Qe6
53. Kh1 Rf1+ {Hossa resigns} 0-1

[Event "ICS Rated blitz match"]
[Site "204.178.125.65"]
[Date "2001.09.18"]
[Round "?"]
[White "Hossa"]
[Black "QueenMaxima"]
[Result "0-1"]
[WhiteElo "2619"]
[BlackElo "2480"]
[PlyCount "116"]
[EventDate "2001.??.??"]

1. e4 e5 2. Nf3 a6 3. Bc4 Nc6 4. O-O b5 5. Bd5 Nge7 6. Re1 Ra7 7. d4 exd4 8.
Nxd4 Ne5 9. f4 c6 10. fxe5 cxd5 11. Bg5 Qc7 12. Bxe7 Bxe7 13. exd5 Qc5 14. d6
Bd8 15. Re3 Bb6 16. c3 O-O 17. Nd2 Bb7 18. Qg4 Qd5 19. N2b3 Re8 20. Rae1 h5 21.
Qh3 Ba8 22. R3e2 g6 23. Qe3 Kh7 24. Qf4 a5 25. Rf2 f5 26. a3 Ra6 27. Re3 b4 28.
Rfe2 a4 29. Na1 b3 30. Kh1 Bxd4 31. cxd4 Rc6 32. Rg3 Rxd6 33. Rd3 Rc6 34. Rd1
Rc4 35. Qe3 Rec8 36. Kg1 Bb7 37. Qf4 Qg8 38. Re3 Rc1 39. Ree1 Qd5 40. Qf2 Rxd1
41. Rxd1 f4 42. Rf1 Rc4 43. Rd1 g5 44. Qe2 Kg6 45. Qf2 Qe4 46. Kf1 h4 47. e6 h3
48. exd7 Rxd4 49. d8=Q Ba6+ 50. Kg1 Rxd8 51. Re1 Qc6 52. gxh3 Bb7 53. Kf1 Qh1+
54. Qg1 Ba6+ 55. Kf2 Rd2+ 56. Re2 Rxe2+ 57. Kf1 Re3+ 58. Kf2 Qf3# {
Hossa checkmated} 0-1

[Event "ICS rated blitz match"]
[Site "204.178.125.65"]
[Date "2001.09.18"]
[Round "?"]
[White "nyul"]
[Black "Hossa"]
[Result "0-1"]
[WhiteElo "2098"]
[BlackElo "2597"]
[PlyCount "36"]
[EventDate "2001.??.??"]

1. e4 e5 2. Nf3 Nf6 3. Nc3 Nc6 4. Bc4 Nxe4 5. Nxe4 d5 6. Bd3 dxe4 7. Bxe4 Ne7
8. c3 f5 9. Bc2 e4 10. Ne5 Be6 11. d4 exd3 12. Qxd3 Qxd3 13. Nxd3 Nc6 14. O-O
O-O-O 15. Bf4 Bd6 16. Bxd6 Rxd6 17. Rad1 Rhd8 18. a3 Bc4 {nyul resigns} 0-1

[Event "ICS rated blitz match"]
[Site "204.178.125.65"]
[Date "2001.09.18"]
[Round "?"]
[White "Hossa"]
[Black "nyul"]
[Result "1-0"]
[WhiteElo "2599"]
[BlackElo "2096"]
[PlyCount "41"]
[EventDate "2001.??.??"]

1. c4 e5 2. Nc3 c5 3. Nf3 d6 4. e3 Nf6 5. d4 Nc6 6. dxc5 dxc5 7. Qxd8+ Kxd8 8.
Be2 Bd6 9. O-O Be6 10. Rd1 Ke7 11. Ng5 Rhd8 12. Nxe6 Kxe6 13. Bd2 a6 14. g4 h6
15. Nd5 Nd7 16. Bf3 f6 17. Be4 Ne7 18. Ba5 Rf8 19. Bc7 Nxd5 20. Rxd5 Bxc7 21.
Bf5+ {nyul resigns} 1-0